All 6 Letter Words that Begin With B - Statistics

General Stats
  • This quiz has been taken 15 times
  • The average score is 212 of 1821
Answer Stats
% Correct
backer
85%
begins
85%
backed
77%
bagger
77%
batter
77%
blacks
77%
breaks
77%
breeks
77%
browns
77%
barren
69%
bigger
69%
bitter
69%
blanks
69%
blinks
69%
booker
69%
brains
69%
bright
69%
backen
62%
badger
62%
badges
62%
bagged
62%
banker
62%
barrel
62%
Bassen
62%
bather
62%
batted
62%
beaned
62%
better
62%
blends
62%
booked
62%
boring
62%
breads
62%
breast
62%
breeds
62%
breest
62%
bricks
62%
bugger
62%
burned
62%
burner
62%
butter
62%
babble
54%
badder
54%
bailed
54%
balled
54%
banked
54%
barked
54%
barker
54%
barter
54%
baster
54%
bathed
54%
bathes
54%
beards
54%
beared
54%
bearer
54%
Beaume
54%
before
54%
belled
54%
bellow
54%
bender
54%
billed
54%
blades
54%
bleeds
54%
blight
54%
bloods
54%
blower
54%
boxers
54%
braids
54%
breath
54%
bridal
54%
bridle
54%
brings
54%
brinks
54%
broods
54%
brooms
54%
bubble
54%
builds
54%
bunker
54%
babies
46%
bacons
46%
bailer
46%
bakers
46%
baller
46%
banger
46%
bangle
46%
banned
46%
banner
46%
banter
46%
barhal
46%
barley
46%
barred
46%
basher
46%
basics
46%
basing
46%
basted
46%
battel
46%
battle
46%
beader
46%
beanie
46%
beasts
46%
beaten
46%
beater
46%
beaver
46%
become
46%
bedder
46%
beests
46%
beggar
46%
begged
46%
behave
46%
belief
46%
belies
46%
belles
46%
belted
46%
belter
46%
bested
46%
beurre
46%
bicker
46%
biller
46%
binder
46%
births
46%
blames
46%
blasts
46%
blocks
46%
blonde
46%
bloody
46%
blowed
46%
boards
46%
bopper
46%
bother
46%
bottle
46%
brainy
46%
braise
46%
brakes
46%
brands
46%
brandy
46%
braver
46%
bready
46%
breedy
46%
brewed
46%
brewer
46%
brides
46%
brines
46%
broken
46%
browed
46%
bucked
46%
buster
46%
badged
38%
bagels
38%
bailie
38%
bakery
38%
baking
38%
ballet
38%
banded
38%
bander
38%
barged
38%
barger
38%
barges
38%
barres
38%
bashed
38%
bashes
38%
basins
38%
bastes
38%
beaded
38%
became
38%
beckon
38%
bedded
38%
beller
38%
benign
38%
bidden
38%
bidder
38%
bikers
38%
binged
38%
binger
38%
binges
38%
birder
38%
biters
38%
bitten
38%
blamed
38%
bleats
38%
blinds
38%
blinky
38%
blocky
38%
blokes
38%
blonds
38%
blooms
38%
bloops
38%
blouse
38%
bogged
38%
boggle
38%
bomber
38%
bonder
38%
bonnie
38%
boomer
38%
boosts
38%
bootie
38%
bopped
38%
border
38%
bosses
38%
bowers
38%
bowing
38%
bowler
38%
boxing
38%
braces
38%
braked
38%
braved
38%
braves
38%
bridge
38%
bronze
38%
broody
38%
browse
38%
bruise
38%
brushy
38%
bucker
38%
bucket
38%
buckle
38%
budges
38%
buffer
38%
bugged
38%
buller
38%
bullet
38%
bummer
38%
bumper
38%
bunchy
38%
bungee
38%
bunked
38%
burger
38%
bushed
38%
busier
38%
busses
38%
bussus
38%
buyers
38%
babier
31%
bailes
31%
bailey
31%
baited
31%
Balder
31%
banana
31%
barber
31%
barely
31%
baring
31%
barret
31%
basils
31%
basked
31%
basket
31%
basses
31%
basset
31%
bassus
31%
beacon
31%
beadel
31%
beadle
31%
beaked
31%
beaker
31%
beamed
31%
beamer
31%
beauty
31%
beeked
31%
begets
31%
beiges
31%
beings
31%
belied
31%
belows
31%
bended
31%
besets
31%
bevels
31%
bibble
31%
biling
31%
billie
31%
billow
31%
bimbos
31%
binned
31%
birded
31%
birdie
31%
blacky
31%
blader
31%
blamer
31%
blazes
31%
bluest
31%
boasts
31%
boated
31%
boater
31%
bobbed
31%
bolder
31%
bolted
31%
bolter
31%
bombed
31%
bonded
31%
boners
31%
bongos
31%
booger
31%
boogie
31%
boomed
31%
booted
31%
bootee
31%
boozed
31%
boozes
31%
borrow
31%
bought
31%
bounce
31%
bounds
31%
bovine
31%
bowled
31%
bracks
31%
brashy
31%
bratty
31%
brayed
31%
brazen
31%
breams
31%
breyed
31%
bribes
31%
briefs
31%
brille
31%
brills
31%
brined
31%
broker
31%
broths
31%
brough
31%
brutal
31%
brutes
31%
budder
31%
buffed
31%
bulled
31%
bumble
31%
bummed
31%
bumped
31%
bundle
31%
bunged
31%
bungle
31%
bunter
31%
buries
31%
bursts
31%
busher
31%
bussin
31%
busted
31%
butler
31%
buttes
31%
buttle
31%
button
31%
buzzed
31%
buzzer
31%
baaing
23%
babied
23%
baffle
23%
bailee
23%
baiter
23%
baling
23%
ballad
23%
ballot
23%
bamboo
23%
bandie
23%
banged
23%
banges
23%
banghy
23%
banish
23%
barbed
23%
barned
23%
barney
23%
barons
23%
barrer
23%
barrow
23%
bating
23%
batons
23%
batten
23%
bawler
23%
beachy
23%
beagle
23%
beauts
23%
bedeck
23%
beechy
23%
beeped
23%
beeper
23%
begone
23%
behind
23%
belate
23%
belong
23%
bengal
23%
berate
23%
beside
23%
besots
23%
betted
23%
beware
23%
biding
23%
bigots
23%
biking
23%
billet
23%
bingos
23%
bitted
23%
blabby
23%
bladed
23%
blanky
23%
blasty
23%
blazer
23%
bleaky
23%
bleary
23%
blimps
23%
blings
23%
blobby
23%
blotch
23%
blunts
23%
blurry
23%
boardy
23%
boatie
23%
bobber
23%
bobbie
23%
bobble
23%
bodies
23%
bogeys
23%
boiled
23%
boiler
23%
bolden
23%
bonier
23%
boning
23%
bonked
23%
booths
23%
boozer
23%
borons
23%
bossed
23%
botted
23%
bottom
23%
bouncy
23%
bowels
23%
bowman
23%
bowmen
23%
bracer
23%
braker
23%
brassy
23%
brawny
23%
brayer
23%
breech
23%
breeze
23%
briars
23%
bribed
23%
bricky
23%
brisks
23%
brokes
23%
brooch
23%
brooks
23%
browny
23%
bruins
23%
brunts
23%
budded
23%
budgie
23%
buffet
23%
bulked
23%
Bunsen
23%
bunted
23%
burgle
23%
buried
23%
burnie
23%
burped
23%
burred
23%
burros
23%
burrow
23%
bushes
23%
busing
23%
busker
23%
bussed
23%
bustle
23%
butted
23%
buying
23%
buzzes
23%
baddie
15%
bairns
15%
baizes
15%
baldly
15%
balers
15%
Baltic
15%
bandit
15%
baning
15%
banjos
15%
barbie
15%
bardes
15%
barken
15%
basalt
15%
Basque
15%
basten
15%
bateas
15%
bawled
15%
baying
15%
bayous
15%
beardy
15%
becall
15%
becked
15%
beddal
15%
bedlam
15%
beefed
15%
beetle
15%
begats
15%
behalf
15%
behead
15%
behold
15%
belays
15%
belier
15%
benchy
15%
bereft
15%
berets
15%
berths
15%
bestie
15%
betray
15%
Beuren
15%
beyond
15%
bibles
15%
biblus
15%
biffed
15%
bigged
15%
biggie
15%
bights
15%
bilged
15%
bilges
15%
bilked
15%
bishop
15%
bitchy
15%
biting
15%
bittie
15%
blanch
15%
blares
15%
blazed
15%
blears
15%
blimey
15%
blingy
15%
blithe
15%
bloats
15%
bludge
15%
bluffs
15%
bluffy
15%
bluing
15%
blurbs
15%
blushy
15%
bobbin
15%
bodega
15%
boding
15%
bogies
15%
boings
15%
boldly
15%
bolled
15%
boltin
15%
bonbon
15%
bonged
15%
bonnet
15%
bonsai
15%
boobed
15%
booing
15%
bookie
15%
booped
15%
booter
15%
Bootes
15%
borers
15%
borrel
15%
botchy
15%
bottus
15%
boyish
15%
braced
15%
branch
15%
branks
15%
brawns
15%
brazes
15%
breach
15%
brekky
15%
breves
15%
brimmy
15%
briner
15%
brisky
15%
briths
15%
britts
15%
broads
15%
brocks
15%
broils
15%
bronco
15%
brunch
15%
bubbly
15%
budged
15%
bugler
15%
bugles
15%
bulbed
15%
bulbus
15%
bulges
15%
bulker
15%
bunder
15%
bunkie
15%
buoyed
15%
burden
15%
bureau
15%
burier
15%
burked
15%
burkes
15%
burpee
15%
burrer
15%
bursar
15%
bushel
15%
busied
15%
busies
15%
busked
15%
busser
15%
butane
15%
baases
8%
babels
8%
Babine
8%
baboon
8%
backet
8%
baffed
8%
baggie
8%
bahuts
8%
bailli
8%
bailor
8%
Bairus
8%
bakkie
8%
balded
8%
baldie
8%
baleen
8%
balked
8%
balker
8%
ballan
8%
ballas
8%
ballat
8%
baloos
8%
bambas
8%
bammed
8%
bancas
8%
bancos
8%
bandas
8%
bangas
8%
Bangor
8%
bangos
8%
bankas
8%
banket
8%
bannat
8%
bannut
8%
banted
8%
Bantus
8%
baobab
8%
barbel
8%
barbes
8%
barble
8%
Barbus
8%
barded
8%
bardee
8%
bardie
8%
barens
8%
barest
8%
barfed
8%
barite
8%
barits
8%
barkle
8%
barlow
8%
barque
8%
Bassia
8%
bassie
8%
bassos
8%
baters
8%
bathos
8%
batiks
8%
batman
8%
batmen
8%
battue
8%
bauble
8%
beanos
8%
beatus
8%
Becken
8%
becket
8%
bedrid
8%
beefer
8%
beeves
8%
befall
8%
befits
8%
beheld
8%
behest
8%
behoof
8%
behove
8%
beleed
8%
bellas
8%
Bellis
8%
bemoan
8%
bemuse
8%
bennes
8%
bennet
8%
bennie
8%
benoes
8%
Bergen
8%
bestow
8%
betake
8%
betcha
8%
Beulah
8%
bevers
8%
bewail
8%
bezels
8%
bhajis
8%
biases
8%
bibbed
8%
bibber
8%
biblic
8%
biblos
8%
bidets
8%
biggen
8%
biggin
8%
bikini
8%
Bilaan
8%
bilbos
8%
bilker
8%
billon
8%
billys
8%
bindis
8%
bindle
8%
bingee
8%
bingle
8%
binits
8%
biomes
8%
bionic
8%
birkie
8%
birled
8%
birrus
8%
bisect
8%
bisons
8%
bisque
8%
bisson
8%
bister
8%
bistro
8%
blared
8%
blarts
8%
blases
8%
blashy
8%
Blatta
8%
blazon
8%
bleach
8%
bleaty
8%
blecks
8%
bleeps
8%
blicky
8%
blintz
8%
blites
8%
bloomy
8%
blores
8%
blousy
8%
blowen
8%
blowse
8%
blowsy
8%
bluesy
8%
bluggy
8%
blunge
8%
blurts
8%
boatel
8%
bodied
8%
bodily
8%
boffed
8%
boffos
8%
bogans
8%
bogles
8%
bogues
8%
boites
8%
boltis
8%
bombes
8%
Bombus
8%
bongas
8%
bonies
8%
bonnes
8%
bonzer
8%
bonzes
8%
boodle
8%
boogey
8%
booses
8%
boreal
8%
Boreas
8%
borine
8%
borked
8%
borsch
8%
Bosche
8%
bosker
8%
bosoms
8%
Boston
8%
boughs
8%
bourne
8%
bovids
8%
bowery
8%
bowleg
8%
boxier
8%
boylas
8%
braggy
8%
brails
8%
branky
8%
branny
8%
Branta
8%
brants
8%
brasen
8%
brauls
8%
brawer
8%
brawls
8%
brawly
8%
brazed
8%
brazer
8%
brecks
8%
bredie
8%
breers
8%
breezy
8%
bretts
8%
brevis
8%
brevit
8%
briary
8%
briber
8%
britch
8%
broach
8%
bromes
8%
bromos
8%
Bromus
8%
bronks
8%
brools
8%
broomy
8%
broose
8%
bruits
8%
brunes
8%
Bubbas
8%
buboes
8%
buchus
8%
Buddha
8%
buffle
8%
bugled
8%
bulged
8%
bulger
8%
bullen
8%
bumbos
8%
bummel
8%
bungas
8%
bungos
8%
bunkos
8%
burble
8%
burbly
8%
burdie
8%
burghs
8%
burhel
8%
burkas
8%
burlap
8%
burlas
8%
burled
8%
burler
8%
burley
8%
burses
8%
Buruts
8%
busily
8%
busine
8%
busman
8%
busmen
8%
bygone
8%
bylaws
8%
byline
8%
bypass
8%
byrrus
8%
baalim
0%
babala
0%
babbly
0%
Babhan
0%
babion
0%
babish
0%
Babism
0%
Babist
0%
babkas
0%
baboen
0%
baboos
0%
babuls
0%
bacaba
0%
bacaos
0%
baccae
0%
baccas
0%
bached
0%
baches
0%
bachur
0%
backup
0%
Bacopa
0%
bacula
0%
baculi
0%
bacuri
0%
bacury
0%
Badaga
0%
badaks
0%
badans
0%
badass
0%
badawi
0%
badhan
0%
badian
0%
badius
0%
badjoo
0%
badjus
0%
badman
0%
badmen
0%
Baeria
0%
baetyl
0%
bafaro
0%
bagacs
0%
bagani
0%
Bagdis
0%
bagful
0%
baggit
0%
bagman
0%
bagmen
0%
bagnet
0%
bagnio
0%
Bagobo
0%
bagpod
0%
bagres
0%
bagwig
0%
bagwyn
0%
bahada
0%
Bahama
0%
Bahaus
0%
bahera
0%
baidar
0%
Baidya
0%
Baiera
0%
Baigas
0%
Bainoa
0%
baiocs
0%
Bairam
0%
baisas
0%
Baitsi
0%
baizas
0%
bajada
0%
bajans
0%
Bajaus
0%
bajras
0%
bajree
0%
bajris
0%
bakies
0%
baktun
0%
bakula
0%
bakuri
0%
Balaam
0%
balafo
0%
Balahi
0%
balams
0%
balaos
0%
balata
0%
Balawa
0%
balboa
0%
balche
0%
balete
0%
balian
0%
Balija
0%
baliti
0%
Balkan
0%
Balkar
0%
ballam
0%
ballon
0%
ballow
0%
ballsy
0%
Baloch
0%
balops
0%
balows
0%
balsam
0%
balsas
0%
baltei
0%
balter
0%
Baltis
0%
Baluch
0%
Baluga
0%
baluns
0%
baluts
0%
bamias
0%
bamoth
0%
banaks
0%
Banaro
0%
bancal
0%
bancha
0%
bandog
0%
bangka
0%
banian
0%
banigs
0%
Baniva
0%
Baniwa
0%
baniya
0%
banjax
0%
Bankia
0%
Banquo
0%
bantam
0%
bantay
0%
banuyo
0%
banyan
0%
banzai
0%
baozis
0%
Baphia
0%
baraka
0%
barani
0%
Barany
0%
barats
0%
barbae
0%
barbas
0%
barbet
0%
barboy
0%
Bardet
0%
bardic
0%
bardos
0%
barege
0%
barffs
0%
barfly
0%
bargee
0%
barhop
0%
barias
0%
Bariba
0%
barium
0%
barman
0%
barmen
0%
Barolo
0%
barong
0%
baroni
0%
barony
0%
baroto
0%
barras
0%
barrio
0%
Barsac
0%
barsom
0%
Barton
0%
Baruch
0%
barway
0%
baryes
0%
baryon
0%
baryta
0%
baryte
0%
basale
0%
basely
0%
basest
0%
bashas
0%
bashaw
0%
basial
0%
basify
0%
basion
0%
basoid
0%
Bassas
0%
bassly
0%
baston
0%
Basuto
0%
Bataks
0%
Batans
0%
batata
0%
batboy
0%
bateau
0%
batete
0%
bathyl
0%
batida
0%
batido
0%
batino
0%
batlan
0%
batlon
0%
batoon
0%
Battak
0%
battas
0%
Batwas
0%
batzen
0%
batzes
0%
baubee
0%
Baucis
0%
bauera
0%
Bauhin
0%
baules
0%
baulks
0%
Baumer
0%
baunos
0%
Baures
0%
bauson
0%
bautas
0%
bautta
0%
bavian
0%
bavins
0%
bawbee
0%
bawdry
0%
bawley
0%
bayamo
0%
bayeta
0%
bayman
0%
baymen
0%
bayogs
0%
bayoks
0%
bayong
0%
bayons
0%
bayott
0%
bazaar
0%
bazoom
0%
bazoos
0%
bealed
0%
beatae
0%
beatas
0%
bebops
0%
bebung
0%
becalm
0%
becard
0%
Beckys
0%
beclad
0%
beclip
0%
becoom
0%
becuna
0%
becune
0%
becurl
0%
bedamn
0%
bedash
0%
bedaub
0%
bedawi
0%
bedaze
0%
bedbug
0%
bedeen
0%
bedell
0%
bedels
0%
bedews
0%
bedims
0%
bedkey
0%
bedman
0%
bedmen
0%
bedpan
0%
bedral
0%
bedrop
0%
bedsit
0%
Bedson
0%
beduin
0%
bedway
0%
beebee
0%
beeman
0%
beemen
0%
beeway
0%
beezer
0%
befell
0%
beflum
0%
befogs
0%
befool
0%
befoul
0%
begari
0%
begars
0%
begass
0%
begaud
0%
begems
0%
begild
0%
begird
0%
begirt
0%
begnaw
0%
begobs
0%
begood
0%
begoud
0%
begowk
0%
begtis
0%
beguin
0%
begums
0%
begunk
0%
Behari
0%
Behcet
0%
behite
0%
behote
0%
behowl
0%
behung
0%
beigey
0%
beisas
0%
bejade
0%
bejans
0%
bejant
0%
bejels
0%
bejuco
0%
bekahs
0%
bekiss
0%
bekras
0%
bektis
0%
belahs
0%
belars
0%
belaud
0%
beldam
0%
belfry
0%
Belgae
0%
belgas
0%
Belgic
0%
Belial
0%
belike
0%
belime
0%
belite
0%
belive
0%
bellum
0%
beloid
0%
Belone
0%
belons
0%
belote
0%
Beltir
0%
belton
0%
beluga
0%
belyve
0%
bemaul
0%
Bembas
0%
bembex
0%
Bembix
0%
bemean
0%
bemeet
0%
bemire
0%
bemist
0%
bemock
0%
bemoil
0%
benabs
0%
benami
0%
benben
0%
benday
0%
benote
0%
bensel
0%
bensil
0%
benumb
0%
benzal
0%
benzil
0%
benzol
0%
benzyl
0%
berats
0%
berays
0%
Berber
0%
Berean
0%
Bergan
0%
berime
0%
berith
0%
berits
0%
berley
0%
bernes
0%
beroks
0%
Bertat
0%
bertha
0%
berthe
0%
Bertia
0%
Bertin
0%
beryls
0%
beseem
0%
beseen
0%
besees
0%
beshow
0%
besing
0%
besmog
0%
besoil
0%
besoms
0%
besort
0%
besoul
0%
bespet
0%
bespot
0%
bestir
0%
bestud
0%
besugo
0%
beteem
0%
betels
0%
bethel
0%
betide
0%
betime
0%
betise
0%
betoil
0%
betony
0%
betook
0%
betoss
0%
betrim
0%
bettas
0%
bettor
0%
Betula
0%
bevies
0%
bevues
0%
beweep
0%
bewept
0%
bewest
0%
bewets
0%
bewigs
0%
bewits
0%
bewrap
0%
bewray
0%
beyant
0%
beylic
0%
beylik
0%
beyont
0%
bezant
0%
Bezier
0%
bezoar
0%
bezzle
0%
bhabar
0%
Bhadon
0%
bhagat
0%
bhajia
0%
bhakta
0%
bhakti
0%
bhalus
0%
bhangi
0%
bhangs
0%
bharal
0%
bharta
0%
bharti
0%
bhikku
0%
Bhilis
0%
bhisti
0%
bhokra
0%
bhoosa
0%
Bhoras
0%
Bhotia
0%
Bhuiya
0%
Bhumij
0%
bhungi
0%
bhurta
0%
bhusas
0%
Bhutia
0%
bialys
0%
biased
0%
biatch
0%
bibiri
0%
bibiru
0%
bicarb
0%
biceps
0%
bichir
0%
bichon
0%
Bicols
0%
bicone
0%
bicorn
0%
Bidais
0%
bidars
0%
Bidens
0%
bident
0%
biders
0%
bidris
0%
bielby
0%
bields
0%
bieldy
0%
biface
0%
Bifara
0%
biffin
0%
bifida
0%
bifold
0%
biform
0%
bigamy
0%
bigeye
0%
biggah
0%
bighas
0%
bigram
0%
bigwig
0%
Bihari
0%
bijars
0%
bijous
0%
bijoux
0%
bikies
0%
Bikols
0%
bilboa
0%
bildar
0%
Bilins
0%
bilith
0%
bimahs
0%
bimana
0%
bimane
0%
bimeby
0%
binary
0%
binate
0%
biners
0%
binghi
0%
biniou
0%
binman
0%
binmen
0%
binocs
0%
binoes
0%
biogas
0%
biogen
0%
biolab
0%
bionts
0%
biopic
0%
biopsy
0%
bioses
0%
biotas
0%
biotic
0%
biotin
0%
biowar
0%
bipack
0%
bipeds
0%
bipods
0%
bipost
0%
bippie
0%
bireme
0%
Birgus
0%
Birhor
0%
biriba
0%
birken
0%
birler
0%
Birman
0%
birmas
0%
birnes
0%
birria
0%
birses
0%
birsle
0%
bisazo
0%
biskop
0%
bistre
0%
bitmap
0%
biuret
0%
bivies
0%
bivium
0%
bivver
0%
biwing
0%
bixins
0%
bizens
0%
bizjet
0%
bizone
0%
blague
0%
blains
0%
blanco
0%
blancs
0%
Blanda
0%
blaver
0%
blawed
0%
blazar
0%
blebby
0%
bleeze
0%
blench
0%
blende
0%
blenny
0%
Bletia
0%
blewit
0%
bliaud
0%
bliaut
0%
blinis
0%
bloggy
0%
blolly
0%
blooey
0%
blooth
0%
blooze
0%
blosmy
0%
blotto
0%
blotty
0%
blowby
0%
blowth
0%
blowup
0%
blowze
0%
blowzy
0%
bluely
0%
bluets
0%
blufts
0%
bluish
0%
Blumea
0%
blypes
0%
boabab
0%
boarts
0%
boback
0%
bobacs
0%
bobcat
0%
bobfly
0%
boblet
0%
bocage
0%
bocals
0%
boccas
0%
bocces
0%
boccie
0%
boccis
0%
bocher
0%
Boches
0%
bochur
0%
bocons
0%
bocors
0%
bodach
0%
bodark
0%
bodged
0%
bodger
0%
bodges
0%
bodhis
0%
bodice
0%
bodkin
0%
bodles
0%
bodock
0%
boffin
0%
bogach
0%
bogart
0%
bogash
0%
boglet
0%
bogued
0%
boheas
0%
Bohora
0%
bohors
0%
bohunk
0%
Boidae
0%
boigid
0%
boinks
0%
boists
0%
boking
0%
Bokmal
0%
bokors
0%
boldos
0%
bolero
0%
bolete
0%
boleti
0%
bolide
0%
bolita
0%
bolito
0%
bollix
0%
bollos
0%
bololo
0%
bolshy
0%
bolson
0%
boltel
0%
bombas
0%
bombax
0%
bombos
0%
Bombyx
0%
bonaci
0%
bonang
0%
Bonasa
0%
bonasi
0%
bonces
0%
bondar
0%
bondon
0%
Bondos
0%
bonduc
0%
boneen
0%
bongar
0%
bonham
0%
bonito
0%
Bonnaz
0%
bonobo
0%
Bonpas
0%
Bontoc
0%
Bontok
0%
bonxie
0%
boodie
0%
boogum
0%
boohoo
0%
boojum
0%
bookit
0%
booksy
0%
boolie
0%
booyah
0%
boozas
0%
bopeep
0%
borage
0%
Borago
0%
boraks
0%
borals
0%
Borana
0%
borane
0%
Borani
0%
borate
0%
bordar
0%
bordel
0%
Bordet
0%
bordun
0%
boreen
0%
borees
0%
borele
0%
boride
0%
bority
0%
bornee
0%
bornyl
0%
Bororo
0%
Boruca
0%
Boruns
0%
borzoi
0%
bosals
0%
boseys
0%
Boshas
0%
bosher
0%
boshes
0%
bosket
0%
Boskop
0%
bosomy
0%
bosons
0%
bosque
0%
bosset
0%
bosuns
0%
botany
0%
botete
0%
botfly
0%
bothie
0%
botnet
0%
boubou
0%
boucan
0%
bouche
0%
boucle
0%
boudin
0%
bouets
0%
bouffe
0%
bougar
0%
bougee
0%
bouget
0%
bougie
0%
boujee
0%
boukit
0%
boules
0%
boulle
0%
bounty
0%
bourgs
0%
bourns
0%
bourse
0%
boused
0%
bouser
0%
bouses
0%
bouton
0%
boutos
0%
boutre
0%
bouzas
0%
bovate
0%
bovoid
0%
bowden
0%
bowfin
0%
bowked
0%
bowned
0%
bowpin
0%
bowpot
0%
bowsed
0%
bowser
0%
bowses
0%
bowtel
0%
bowwow
0%
bowyer
0%
boxcar
0%
boxful
0%
boxman
0%
boxmen
0%
boyard
0%
boyars
0%
boyism
0%
bozine
0%
BPharm
0%
bracae
0%
bracts
0%
braees
0%
Brahma
0%
Brahmi
0%
Brahmo
0%
Brahui
0%
braies
0%
braird
0%
brairo
0%
braken
0%
brakey
0%
brakie
0%
bramah
0%
brames
0%
branle
0%
braula
0%
brauna
0%
bravas
0%
bravos
0%
brazil
0%
breard
0%
brebas
0%
bredes
0%
bregma
0%
brehon
0%
breist
0%
brelan
0%
Bremia
0%
Breton
0%
Breuer
0%
brevet
0%
brevia
0%
brewis
0%
briard
0%
bribee
0%
Bribri
0%
bricht
0%
briers
0%
briery
0%
brieve
0%
brigue
0%
briony
0%
brises
0%
Briton
0%
broche
0%
brocho
0%
brochs
0%
brocht
0%
brodie
0%
brogan
0%
brogue
0%
brolga
0%
brolic
0%
brolly
0%
bromic
0%
broncs
0%
bronzy
0%
brooky
0%
broses
0%
brosna
0%
brotch
0%
browis
0%
browst
0%
bruang
0%
brubru
0%
brucia
0%
brughs
0%
brujas
0%
brujos
0%
brulee
0%
brules
0%
brumal
0%
brumby
0%
brumes
0%
brummy
0%
brunet
0%
bruxer
0%
brynza
0%
bryony
0%
Buangs
0%
buazes
0%
bubale
0%
bubals
0%
bubkes
0%
bucans
0%
bucare
0%
bucayo
0%
buccae
0%
buccal
0%
buccan
0%
buccas
0%
buccin
0%
buccra
0%
buckie
0%
buddah
0%
buddas
0%
buddhi
0%
buddle
0%
budget
0%
budlet
0%
Buduma
0%
buffos
0%
Bugaku
0%
bugala
0%
bugalu
0%
bugans
0%
bugara
0%
bugeye
0%
bugias
0%
buglet
0%
bugout
0%
Bugula
0%
Buhids
0%
Bukaua
0%
bukayo
0%
buksha
0%
bukshi
0%
bulbar
0%
bulbil
0%
bulbul
0%
Bulgar
0%
bulgur
0%
bulimy
0%
bullae
0%
bullis
0%
buloke
0%
bulses
0%
bultis
0%
bultos
0%
bultow
0%
bumbag
0%
bumbee
0%
bumfeg
0%
bumkin
0%
bummle
0%
bumphs
0%
bunces
0%
buncos
0%
bungys
0%
bunion
0%
bunkum
0%
bunnia
0%
buntal
0%
bunton
0%
bunyas
0%
bunyip
0%
bupkes
0%
bupkus
0%
buppie
0%
buqsha
0%
burans
0%
burbot
0%
burele
0%
burely
0%
burets
0%
burgao
0%
burgau
0%
burgee
0%
burgoo
0%
burgos
0%
burial
0%
Buriat
0%
burins
0%
burion
0%
buriti
0%
burity
0%
burlaw
0%
burlet
0%
Burman
0%
burnet
0%
burnut
0%
burqas
0%
burrio
0%
bursae
0%
bursal
0%
bursas
0%
buruly
0%
Buryat
0%
Busaun
0%
busboy
0%
bushwa
0%
buskin
0%
bustee
0%
bustic
0%
bustis
0%
bustos
0%
busway
0%
butein
0%
butene
0%
buteos
0%
Buthus
0%
butine
0%
butoxy
0%
bututs
0%
butyls
0%
butyne
0%
Buyids
0%
buyout
0%
Buzain
0%
bwanas
0%
Byblis
0%
byelaw
0%
byeman
0%
byemen
0%
bygane
0%
bylina
0%
byliny
0%
bymeby
0%
byname
0%
bypast
0%
bypath
0%
byplay
0%
byrlaw
0%
byrnie
0%
byroad
0%
byssal
0%
byssus
0%
bywalk
0%
byways
0%
byword
0%
bywork
0%
byzant
0%
byzens
0%
No matching quizzes found
Score Distribution
Percent of People with Each Score
Percentile by Number Answered
Your Score History
You have not taken this quiz